[Event "GER North-chT U16"]
[Site "Magdeburg"]
[Date "2006.08.29"]
[Round "7.1"]
[White "Chevelevitch, Valentin"]
[Black "Sakuth, Jeremias"]
[Result "1-0"]
[WhiteElo "1310"]
[BlackElo "1018"]
[PlyCount "88"]
[EventDate "2006.08.26"]
[EventType "team"]
[EventRounds "7"]
[EventCountry "GER"]
[SourceTitle "EXT 2007"]
[Source "ChessBase"]
[SourceDate "2006.11.23"]
[SourceVersion "1"]
[SourceVersionDate "2006.11.23"]
[SourceQuality "1"]

1. e4 e5 2. Nf3 Nf6 3. Nc3 Bb4 4. Bc4 0-0 5. 0-0 Nc6 6. d3 h6 7. a3 Bxc3 8. bxc3 d5 9. exd5 Nxd5 10. Bxd5 Qxd5 11. c4 Qd6 12. Bb2 Bg4 13. h3 Bh5 14. Re1 Rae8 15. c3 Re6 16. g4 Bg6 17. d4 exd4 18. Rxe6 fxe6 19. Nxd4 Be4 20. a4 Qf4 21. Qe2 Nxd4 22. cxd4 Qf3 23. Qxf3 Rxf3 24. Ra3 Rxa3 25. Bxa3 Bc2 26. a5 a6 27. Be7 c6 28. Kg2 Be4+ 29. Kg3 Kf7 30. Bd6 g5 31. f4 Kg6 32. h4 gxh4+ 33. Kxh4 Bd3 34. c5 Be4 35. g5 Bf3 36. Kg3 Bh5 37. gxh6 Kxh6 38. Be5 Kg6 39. Kf2 Kf5 40. Ke3 Bg4 41. Kd3 Bh5 42. Ke3 Bg4 43. Kf2 Bh5 44. Ke3 Bg4 1-0

[Event "GER North-chT U16"]
[Site "Magdeburg"]
[Date "2006.08.28"]
[Round "5.1"]
[White "Chevelevitch, Valentin"]
[Black "Rieping, Heiner"]
[Result "0-1"]
[WhiteElo "1313"]
[BlackElo "1387"]
[PlyCount "56"]
[EventDate "2006.08.26"]
[EventType "team"]
[EventRounds "7"]
[EventCountry "GER"]
[SourceTitle "EXT 2007"]
[Source "ChessBase"]
[SourceDate "2006.11.23"]
[SourceVersion "1"]
[SourceVersionDate "2006.11.23"]
[SourceQuality "1"]

1. e4 d5 2. exd5 Qxd5 3. Nc3 Qa5 4. Bc4 Nf6 5. d4 Bg4 6. f3 Bh5 7. Bd2 Qb6 8. Nge2 Nc6 9. Be3 0-0-0 10. Bf2 e5 11. d5 Qb4 12. Bb3 Bc5 13. Bxc5 Qxc5 14. Na4 Qa5+ 15. Nac3 Nb4 16. 0-0 Nbxd5 17. Nxd5 Nxd5 18. Bxd5 Rxd5 19. Qc1 Rhd8 20. Qg5 e4 21. Qg3 Rg5 22. Qh3+ Kb8 23. Nf4 exf3 24. Nxh5 Qc5+ 25. Rf2 Rxg2+ 26. Kh1 Qxf2 27. Ng3 Rd2 28. Nf1 Qg1# 0-1

[Event "Hamburg Robinow op"]
[Site "Hamburg"]
[Date "2005.10.04"]
[Round "4"]
[White "Frackowiak, Stanislaw"]
[Black "Chevelevitch, Valentin"]
[Result "0-1"]
[WhiteElo "1443"]
[BlackElo "1208"]
[PlyCount "100"]
[EventDate "2005.10.01"]
[EventType "swiss"]
[EventRounds "9"]
[EventCountry "GER"]
[SourceTitle "CBM 108 Extra"]
[Source "ChessBase"]
[SourceDate "2005.11.04"]
[SourceVersion "1"]
[SourceVersionDate "2005.11.04"]
[SourceQuality "1"]

1. d4 Nf6 2. c4 g6 3. Nc3 Bg7 4. e4 d6 5. Be2 0-0 6. Bg5 e5 7. dxe5 dxe5 8. Qxd8 Rxd8 9. Bxf6 Bxf6 10. Nd5 Bg7 11. Nxc7 Be6 12. Nxa8 Na6 13. Nf3 Rxa8 14. 0-0 Rc8 15. b3 Nc5 16. Ng5 Bd7 17. f3 Bh6 18. Nh3 Bxh3 19. gxh3 Ne6 20. Rfd1 Be3+ 21. Kh1 Nf4 22. Bf1 Bd4 23. Rac1 b6 24. b4 Kf8 25. Rc2 Ke7 26. a4 Kd6 27. Rcc1 Ke6 28. h4 Ke7 29. Rc2 Rc7 30. h3 h5 31. Kh2 f6 32. Kg3 g5 33. hxg5 fxg5 34. h4 gxh4+ 35. Kxh4 Kf6 36. Bh3 Rxc4 37. Rdd2 Bc3 38. Rd6+ Ke7 39. Rd7+ Ke8 40. Kg5 Nxh3+ 41. Kh4 Be1+ 42. Kxh3 Rxc2 43. Rxa7 Bxb4 44. Rh7 Ra2 45. Rxh5 Rxa4 46. Rxe5+ Kd7 47. Kg4 Kd6 48. f4 Bc3 49. Rd5+ Ke6 50. e5 Kxd5 0-1

[Event "GER-ch U10"]
[Site "Willingen"]
[Date "2005.05.16"]
[Round "5"]
[White "Chevelevitch, Valentin"]
[Black "Grzeca, Pascal"]
[Result "0-1"]
[WhiteElo "1003"]
[BlackElo "1142"]
[PlyCount "100"]
[EventDate "2005.05.14"]
[EventType "swiss"]
[EventRounds "11"]
[EventCountry "GER"]
[SourceTitle "CBM 106 Extra"]
[Source "ChessBase"]
[SourceDate "2005.07.01"]
[SourceVersion "1"]
[SourceVersionDate "2005.07.01"]
[SourceQuality "1"]

1. e4 c6 2. d4 d5 3. exd5 cxd5 4. Bd3 Nc6 5. c3 Nf6 6. h3 Bd7 7. Nf3 e6 8. 0-0 Qb6 9. Qb3 Qxb3 10. axb3 Bd6 11. Bg5 h6 12. Bh4 b6 13. Na3 Ne7 14. Nb5 Bb8 15. Bg3 Bxg3 16. fxg3 Bxb5 17. Bxb5+ Kd8 18. Ne5 Rf8 19. c4 Nf5 20. cxd5 Nxd4 21. Nc6+ Nxc6 22. Bxc6 Rc8 23. Rfd1 e5 24. Rxa7 Rc7 25. Ra6 Nd7 26. Bxd7 Rxd7 27. Rxb6 Kc7 28. Ra6 Rb8 29. Ra7+ Kd8 30. Rxd7+ Kxd7 31. Rd3 Kd6 32. Rc3 Kxd5 33. Kf2 f5 34. Ke3 Rb4 35. Kd3 Rb5 36. Kc2 Rc5 37. Rxc5+ Kxc5 38. Kc3 e4 39. b4+ Kb5 40. g4 f4 41. Kd2 e3+ 42. Ke2 Kxb4 43. g3 g5 44. h4 fxg3 45. Kxe3 gxh4 46. Ke2 Kb3 47. Kf1 Kxb2 48. Kg2 Kc2 49. g5 hxg5 50. Kg1 Kd3 0-1

[Event "Hamburg State-ch U12"]
[Site "Cuxhaven"]
[Date "2005.03.15"]
[Round "5"]
[White "Nowakowski, Dominik"]
[Black "Chevelevitch, Valentin"]
[Result "1/2-1/2"]
[WhiteElo "838"]
[BlackElo "1115"]
[PlyCount "74"]
[EventDate "2005.03.12"]
[EventType "swiss"]
[EventRounds "9"]
[EventCountry "GER"]
[SourceTitle "EXT 2007"]
[Source "ChessBase"]
[SourceDate "2006.11.23"]
[SourceVersion "1"]
[SourceVersionDate "2006.11.23"]
[SourceQuality "1"]

1. e4 e5 2. Nf3 Nf6 3. Nxe5 d6 4. Nf3 Nxe4 5. d4 d5 6. c4 Be6 7. b3 Be7 8. Bd3 Bf6 9. Be3 Nc6 10. h3 Nc5 11. Be2 0-0 12. Nc3 Re8 13. Rc1 Ne4 14. 0-0 Qd7 15. c5 g6 16. Bb5 Bg7 17. Bxc6 bxc6 18. Nxe4 dxe4 19. Ne5 Bxe5 20. dxe5 Qd5 21. Qxd5 Bxd5 22. Bd4 Rab8 23. Rb1 Rb4 24. Rfd1 Rd8 25. Bc3 Rbb8 26. Ba1 Rb5 27. b4 Rdb8 28. a3 a5 29. Rd4 Rxc5 30. Kh2 axb4 31. axb4 Rc4 32. Rxc4 Bxc4 33. Bd4 Bd3 34. Rb2 Kf8 35. Bc5+ Ke8 36. f3 Kd7 37. fxe4 Bxe4 1/2-1/2